Geography Quiz

Random Geography or City Quiz

Click the Capitals: D-F Quiz Stats

Quiz Updated Sep 24, 2016

Challenge
Share
Tweet
Score 0/11 Timer 02:00
5 Plays Today
% Correct
Dublin
97.1%
Damascus
91.1%
Djibouti
83.7%
Doha
78.4%
Funafuti
77.2%
Freetown
73.8%
Dodoma
71.3%
Dhaka
68.2%
Dili
66.3%
Dushanbe
65.8%
Dakar
63.3%

You're not logged in!

Compare scores with friends on all Sporcle quizzes.
Join for Free
OR
Log In

You Might Also Like...

Show Comments

Extras

Top Quizzes Today


Score Distribution

Your Account Isn't Verified!

In order to create a playlist on Sporcle, you need to verify the email address you used during registration. Go to your Sporcle Settings to finish the process.

Report this User

Report this user for behavior that violates our Community Guidelines.

Details: